000 01173nam a22002537a 4500
005 20100906121217.0
008 100906t xxu||||| |||| 00| 0 eng d
010 _aENG-101428-429
020 _a9788182648432 (V.1)
_c300.00
020 _a9788182648449 (V.2)
_c300.00
035 _aEN-84961-84962
037 _bDBAD/PUB
040 _adpl
_bEng
082 _a398.2095483
100 _aSankunni,Kottarathil
_918550
245 _aAithihyamaala :
_bthe great legends of Kerala /
_cby Kottarathil Sankunni ; translated by Sreekumari Ramachandran
260 _aKozhikode
_bMathrubhumi Books
_c2010
270 _aMathrubhumi Buildings,K P Kesava Menon Road
_bKozhikode
_e673001
300 _a2v.(560;560p.)
_c23cm (pbk)
700 _aRamchandran,Sreekumari
_918551
942 _2ddc
_cEN
_mSAN
_h398.2095483
999 _c43959
_d43959